000 00902nam a2200277 c 4500
999 _c98900
_d98900
003 BLK
005 20211220085300.0
008 180409b bul|||||r ||||||| ||bul||
010 _aKNG00103891000
040 _aBLK
041 _aBUL
_cBUL
080 _aБългарска литература
_b821.163.2
_x-32
_z821.163.2-32
100 1 _aВазов, Иван Минчов
_eпърви автор
_9363396
139 _aВазов, Иван Минчов
_bВ 15
245 1 0 _aНемили-недраги
_bПовест
_cИван Минчов Вазов.
257 _aBGR
260 _bБълг. писател
_c1961
_aСофия
300 _a104 с.
_c20 см
380 _aX
490 1 _aБиблиотека за ученика
852 _aЦб 19102
_bЦб
942 _cKNG
_n0
_s1
944 _aCR
_c01.01.1999
_lф /
_kЕлица_Владова
944 _aED
_c2021-12-20
_l2021-12-20